Teoretické prístupy k medzinárodnej migrácii
Neoklasická teória migrácie. Nová ekonómia migrácie. Teória duálneho trhu práce. Teória svetových systémov. Teória migračných systémov.
Guardado en:
| Autor principal: | |
|---|---|
| Otros Autores: | |
| Formato: | Capítulo de libro |
| Lenguaje: | eslovaco |
| Materias: | |
| Etiquetas: |
Sin Etiquetas, Sea el primero en etiquetar este registro!
|
MARC
| LEADER | 00000nla a2200000 4500 | ||
|---|---|---|---|
| 001 | 0181220 | ||
| 005 | 20240603081040.3 | ||
| 041 | 0 | |a slo | |
| 044 | |a CZ | ||
| 245 | 1 | 0 | |a Teoretické prístupy k medzinárodnej migrácii |c Andrej Přívara, Tomáš Pogány |
| 520 | |a Neoklasická teória migrácie. Nová ekonómia migrácie. Teória duálneho trhu práce. Teória svetových systémov. Teória migračných systémov. | ||
| 610 | 2 | 0 | |a migrácia |
| 610 | 2 | 0 | |a pohyb síl pracovných medzinárodný |
| 610 | 2 | 0 | |a práca |
| 610 | 2 | 0 | |a trh práce |
| 610 | 2 | 0 | |a demografia |
| 100 | 1 | |a Přívara, Andrej, 1983- | |
| 700 | 1 | |a Pogány, Tomáš | |